Methodology and convention in the standardisation of retails rents (Record no. 37130)

MARC details
000 -LEADER
fixed length control field 01155cab a2200301 4500
001 - CONTROL NUMBER
control field ABS46979
008 - FIXED-LENGTH DATA ELEMENTS--GENERAL INFORMATION
fixed length control field 090401t1992 xxu||||| |||| 00| 0 eng d
035 ## - SYSTEM CONTROL NUMBER
System control number (Sirsi) u60261
041 ## - LANGUAGE CODE
Language code of text/sound track or separate title eng
100 ## - MAIN ENTRY--PERSONAL NAME
Personal name Crosby, N.
245 ## - TITLE STATEMENT
Title Methodology and convention in the standardisation of retails rents
260 ## - PUBLICATION, DISTRIBUTION, ETC.
Date of publication, distribution, etc. 1992
350 ## - PRICE (NR) (BK AM CF MU VM SE) [OBSOLETE]
Price 0
490 ## - SERIES STATEMENT
Series statement Journal of Property Valuation and Investment
Volume/sequential designation 10(4) Summer 1992, 740-756(17)
520 ## - SUMMARY, ETC.
Summary, etc. This paper explores valuation conventions, chiefly the comparative method of valuation with adjustments for physical features such as size, and legal characteristics such as tenure, length of lease or user clauses, in order to assess the usefulness of these conventions against the database of standardised transactions for retail property in Nottingham 1973-89.
650 ## - SUBJECT ADDED ENTRY--TOPICAL TERM
Topical term or geographic name entry element ADJUSTMENTS
650 ## - SUBJECT ADDED ENTRY--TOPICAL TERM
Topical term or geographic name entry element COMPARATIVE METHOD
650 ## - SUBJECT ADDED ENTRY--TOPICAL TERM
Topical term or geographic name entry element CONVENTIONS
650 ## - SUBJECT ADDED ENTRY--TOPICAL TERM
Topical term or geographic name entry element METHODS OF VALUATION
650 ## - SUBJECT ADDED ENTRY--TOPICAL TERM
Topical term or geographic name entry element RETAIL RENTS
650 ## - SUBJECT ADDED ENTRY--TOPICAL TERM
Topical term or geographic name entry element STANDARDISATION
650 ## - SUBJECT ADDED ENTRY--TOPICAL TERM
Topical term or geographic name entry element Valuation
9 (RLIN) 6273
690 ## - LOCAL SUBJECT ADDED ENTRY--TOPICAL TERM (OCLC, RLIN)
Topical term or geographic name as entry element RATING AND VALUATION
700 ## - ADDED ENTRY--PERSONAL NAME
Personal name Keogh, G.
700 ## - ADDED ENTRY--PERSONAL NAME
Personal name Rees, G.
942 ## - ADDED ENTRY ELEMENTS (KOHA)
Suppress in OPAC 0
948 ## - LOCAL PROCESSING INFORMATION (OCLC); SERIES PART DESIGNATOR (RLIN)
c (OCLC) 04/03/1997
Holdings
Withdrawn status Lost status Source of classification or shelving scheme Damaged status Not for loan Home library Current library Shelving location Date acquired Total Checkouts Full call number Barcode Date last seen Copy number Price effective from Koha item type
    Dewey Decimal Classification     London London Journal article 14/09/1999   ABS46979 60261-1001 06/08/2019 1 06/08/2019 Journal article